000
00318nam a22001337a 4500
008
181009b xxu||||| |||| 00| 0 eng d
020
_a
9781591940043
041
_a
eng
080
_2
4th
_a
371
100
_a
25
101
_a
EDU
245
_a
Ten Steps to Improving College Reading Skills
_c
Langan,J
942
_2
udc
_c
BK
999
_c
49122
_d
49122